| 000 | 00513nam a2200205 a 4500 | ||
|---|---|---|---|
| 001 | 1919 | ||
| 003 | MO | ||
| 005 | 20170315092301.0 | ||
| 008 | 021212s19uu xx 00 eng d | ||
| 020 | _a9780439405621 | ||
| 050 |
_aTR _bL111b 2004 |
||
| 100 | _aLasky, Kathryn | ||
| 245 |
_aBurning(The) : _bbook six. |
||
| 260 |
_aNew York : _bScholastic Inc, _c2004. |
||
| 300 | _a2007 p. : ill. ; cm. | ||
| 440 | _aGuardians of Ga'Hoole | ||
| 650 |
_aSuspense- _xfiction |
||
| 942 |
_2ddc _cBK |
||
| 999 |
_c111011 _d111011 |
||